[Event "Ostend op"]
[Site "Ostend"]
[Date "1991.??.??"]
[Round "8"]
[White "Gurevich, Mikhail"]
[Black "Motwani, Paul"]
[Result "1-0"]
[WhiteElo "2630"]
[BlackElo "2440"]
[Annotator "Gurevich,M"]
[PlyCount "105"]
[EventDate "1991.09.??"]
[EventType "swiss"]
[EventRounds "9"]
[EventCountry "BEL"]
[SourceTitle "CBM 027"]
[Source "ChessBase"]
[SourceDate "1992.04.01"]
[SourceVersion "1"]
[SourceVersionDate "1992.04.01"]
[SourceQuality "1"]

1. d4 e6 2. c4 Nf6 3. Nc3 Bb4 4. e3 O-O 5. Nge2 d5 6. a3 Be7 7. cxd5 Nxd5 8.
Qc2 (8. g3 b6 9. Bg2 Bb7 10. O-O Nxc3 11. Nxc3 Bxg2 12. Kxg2 c5 $10 {Cruz
Lopez,C-Dautov,R Nimes 1991}) 8... Nd7 9. g3 Nxc3 10. bxc3 c5 11. Bg2 Rb8 $1 {
TN} (11... Qc7 {-49/682}) 12. e4 e5 (12... Qc7 $5 13. Bf4 e5 14. dxe5 Nxe5 15.
O-O Bd6 $132) 13. O-O b5 $5 {/\<=><<} 14. Rd1 Qc7 15. dxe5 Nxe5 16. Nf4 Bg4 (
16... Bb7 17. Nd5 Bxd5 18. Rxd5 Rfd8 19. Bf4 Rxd5 20. exd5 Bd6 $10) 17. Re1 c4
(17... Nf3+ 18. Bxf3 Bxf3 19. h3 $5) 18. Nd5 Qd7 19. Bf4 Nd3 $1 $13 (19... Bd6
20. Bxe5 Bxe5 21. f4 Bd6 22. e5 Bc5+ 23. Kh1 {/\24.a4+/=}) 20. Bxb8 Nxe1 21.
Rxe1 Rxb8 22. Qc1 Rd8 23. e5 Be6 24. Rd1 Bxd5 25. Bxd5 Qf5 26. Qe3 Rd7 (26...
Kf8 $10) 27. a4 $5 bxa4 28. Qd4 Kf8 29. Kg2 a3 30. Rd2 h5 (30... g5 $10) 31. f4
a2 (31... g5 32. Qxc4 gxf4 33. Rf2 $1 Qxe5 34. Bxf7 $16) 32. Rxa2 Qd3 33. Rd2
$1 Qxd4 34. Rxd4 Bc5 35. Rd1 Ke7 $138 (35... Ba3 36. Kf3 Bb2 37. Ke4 Bxc3 38.
Rc1 $14) 36. Kf3 g6 37. Ke4 Bb6 38. Ra1 Rc7 39. Ra4 $6 (39. h3 $5 Rc5 40. g4
hxg4 41. hxg4 $16 {/\Ra1-h1-h7}) 39... Rc5 40. h3 Ba5 41. Bxc4 Bb6 42. g4 hxg4
43. hxg4 g5 $1 $10 44. f5 $5 (44. fxg5 Bc7 45. Bd5 Rxc3 46. Rxa7 Rc1 $10) 44...
f6 45. e6 Re5+ 46. Kd3 Re3+ 47. Kc2 Re4 48. Kb3 $5 {/\Ra4-a2-h2-h7} Rxg4 49.
Ra2 Rf4 50. Rh2 (50. Rd2 Rxf5 51. Rd7+ Ke8 52. Bd3 Re5 $10) 50... Rxf5 51. Rh7+
Kd6 $4 (51... Ke8 52. Be2 Re5 53. Bh5+ Kd8 (53... Kf8 $2 54. Rf7+ Kg8 55. e7
$18) 54. Rd7+ Kc8 55. Rf7 Kd8 $10) 52. Rd7+ Kc6 53. Bd5+ $1 1-0

[Event "Madrid"]
[Site "Madrid"]
[Date "1996.05.15"]
[Round "7"]
[White "Illescas Cordoba, Miguel"]
[Black "Morozevich, Alexander"]
[Result "1-0"]
[WhiteElo "2635"]
[BlackElo "2625"]
[Annotator "Hansen,LB"]
[PlyCount "59"]
[EventDate "1996.05.08"]
[EventType "tourn"]
[EventRounds "9"]
[EventCountry "ESP"]
[EventCategory "17"]
[SourceTitle "CBM 053"]
[Source "ChessBase"]
[SourceDate "1996.08.01"]
[SourceVersion "1"]
[SourceVersionDate "1996.08.01"]
[SourceQuality "1"]

1. d4 {Petursson Ftacnik} Nf6 2. c4 e6 3. Nc3 Bb4 4. e3 O-O 5. Nge2 $5 d5 6. a3
Bd6 $5 {Provokocative, but not bad.} (6... Be7 7. cxd5 exd5 8. b4 (8. g3 c6 9.
Bg2 Na6 10. O-O Nc7 11. f3 c5 $10 {Gyimesi,Z-Epishin,V/Parnu/1996/}) 8... c6 9.
Ng3 Re8 10. Bd3 Nbd7 11. O-O Nb6 12. Rb1 Be6 13. a4 $14 {Illescas Cordoba,
M-Slobodjan,R/Pamplona/95-96/}) 7. c5 $1 (7. Ng3 $6 Re8 8. cxd5 exd5 9. Bd3 c6
10. Qc2 h5 $5 11. f3 c5 12. Nce2 Qb6 13. dxc5 Bxc5 14. Nf1 Qd6 15. Bd2 Nc6 16.
O-O-O Bd7 17. Kb1 Rac8 18. Bc3 Ne5 19. Nd4 Qb6 20. Ka2 Bxd4 21. Bxd4 $4 Rxc2
22. Bxb6 Nxd3 {0-1/Nikolaidis,I-Aleksandrov,A/St. Petersburg op/1994/}) 7...
Be7 8. b4 c6 (8... b6 $5) 9. Ng3 (9. Bb2 {Ftacnik} b6 10. Nf4 bxc5 11. bxc5
Nfd7 12. Be2 Ba6 13. O-O Bxe2 14. Ncxe2 Bf6 15. Nd3 Re8 16. Rb1 Na6 17. Bc3 Qc8
18. Qc2 Bd8 19. Rb2 f6 20. Rfb1 e5 21. Qa4 e4 22. Ne1 Nab8 23. Rb7 {Mikenas,
V-Bronstein,D/URS-ch13 Moscow/1944/1-0 (64)}) (9. Nf4 {Ftacnik} Nbd7 10. Nd3 b6
11. Be2 Ne4 12. Bb2 Nxc3 13. Bxc3 Ba6 14. O-O Qc7 15. f3 bxc5 16. bxc5 e5 17.
Nxe5 Bxe2 18. Qxe2 Nxe5 19. dxe5 Bxc5 20. Kh1 Rab8 21. f4 {1/2-1/2 Hedman,
E-Berovski,K/Hallsberg opJ/1993/ (27)}) 9... b6 (9... Nbd7 {Ftacnik} 10. f4 b6
11. Qa4 Bb7 12. Rb1 a5 13. bxa5 Rxa5 14. Qb3 Qa8 15. a4 Rb8 16. cxb6 c5 17. Bb5
Ba6 18. O-O Bxb5 19. axb5 Nxb6 20. f5 Na4 {1/2-1/2 Hedman,E-Romanov,O/
Sollentuna op (09)/1995/ (32)}) 10. Bd2 (10. Bb2 {Ftacnik} Ba6 11. Bxa6 Nxa6
12. Qe2 Nc7 13. Na4 bxc5 14. Nxc5 Nb5 15. Nb7 Qc8 16. Na5 Bd8 17. Nb3 Nd7 18.
e4 a5 {0-1 Grotnes,N-Agdestein,S/NOR-ch Steinkjer/1986/ (26)}) 10... bxc5 11.
bxc5 (11. dxc5 {Ftacnik} a5 $36) 11... e5 $1 12. Be2 g6 $5 {In connection with
the next move probably too ambitious.} (12... exd4 13. exd4 Ne4 $5 $10) 13. O-O
h5 $6 (13... e4 $142 {/\ h5}) (13... Nbd7 14. Rb1 Re8 $10) 14. dxe5 $1 Ng4 (
14... Nfd7 15. f4 $40) 15. Bxg4 (15. f4 Bxc5 $40) 15... Bxg4 (15... hxg4 16.
Na4 $14) 16. f3 Bd7 17. f4 $16 Qc8 (17... Bxc5 $1 18. Na4 Bb6 19. Rc1 $13) 18.
e4 $1 (18. f5 $6 {Ftacnik} h4 19. f6 Bxc5 $17) 18... d4 (18... Bxc5+ {Ftacnik}
19. Kh1 d4 20. f5 dxc3 21. Bxc3 h4 22. Nh5 Be7 23. Nf6+ Bxf6 24. exf6 Qe8 25.
Qd2 Kh7 26. Qg5 $18) 19. f5 $1 dxc3 20. Bxc3 {With the inactive black pieces
on the queen side it is not surprising, that the white attack is decisive.} Na6
(20... Rd8 {Petursson} 21. Qc1 h4 22. e6 Be8 23. exf7+ Bxf7 24. Qh6 $18) 21.
Nxh5 $1 Nxc5 (21... gxh5 22. Qxh5 Bxc5+ 23. Kh1 $18) 22. Nf6+ Bxf6 (22... Kg7 {
Ftacnik} 23. Nxd7 Nxd7 24. f6+ Bxf6 25. exf6+ Kh7 26. Qg4 $18) 23. exf6 Bxf5 (
23... Nxe4 24. Qc1 g5 (24... Kh7 {Ftacnik} 25. Rf4 $1 $18) 25. Re1 Bxf5 (25...
Re8 26. Rxe4 Rxe4 27. Qxg5+ Kf8 28. Qg7+ Ke8 29. Qg8#) 26. Rxe4 Bxe4 (26... Bg6
{Petursson} 27. Qxg5 $18) 27. Qxg5+ Bg6 28. Qh6 $18) 24. exf5 Ne4 25. Qc1 $1 g5
26. Qd1 $1 {An elegant one-two to penetrate with the queen.} (26. Re1 $6 Qxf5 (
26... Qxf5 {Ftacnik} 27. Rxe4 Qxe4 28. Qxg5+ Qg6)) 26... Nxc3 27. Qh5 $18 Ne4
28. Qh6 Nxf6 29. Qxg5+ $1 Kh7 (29... Kh8 {Ftacnik} 30. Qxf6+ Kg8 31. Qg5+ Kh7
32. Rf4) 30. Rf3 {A forcefull game by Illescas.} (30. Qxf6 $6 {Ftacnik} Qd8)
1-0

[Event "FRA-ch"]
[Site "Narbonne"]
[Date "1997.08.27"]
[Round "12"]
[White "Vaisser, Anatoli"]
[Black "Hauchard, Arnaud"]
[Result "1-0"]
[WhiteElo "2575"]
[BlackElo "2485"]
[Annotator "Hecht,H"]
[PlyCount "137"]
[EventDate "1997.08.15"]
[EventType "tourn"]
[EventRounds "15"]
[EventCountry "FRA"]
[EventCategory "9"]
[SourceTitle "CBM 061"]
[Source "ChessBase"]
[SourceDate "1997.11.23"]
[SourceVersion "1"]
[SourceVersionDate "1997.11.23"]
[SourceQuality "1"]

1. d4 Nf6 2. c4 e6 3. Nc3 Bb4 4. e3 O-O 5. Nge2 d5 6. a3 Be7 7. Ng3 c5 8. dxc5
Bxc5 9. b4 Be7 10. Bb2 Nc6 (10... a5 11. b5 dxc4 12. Bxc4 Nbd7 13. O-O Nb6 (
13... Nc5) 14. Bd3 e5 15. Qe2 Bg4 16. f3 Be6 17. Rfd1 Qe8 18. Nce4 Nfd7 19. Nf2
f5 20. Rac1 Rc8 21. Rxc8 Qxc8 22. e4 f4 23. Nf5 Bc5 24. Kh1 Qe8 25. g3 fxg3 26.
hxg3 Na4 27. Ba1 Bxa3 28. Ng4 Bb4 29. Kg2 Bc3 30. Qc2 Bxa1 31. Qxa4 Bxf5 32.
exf5 Bd4 33. Qxa5 Nc5 34. Bb1 Kh8 35. Qb4 b6 36. Qc4 Nd7 37. Be4 Nf6 38. Nxf6
gxf6 39. Qc6 Qe7 40. Rd2 Qb4 41. Re2 Bc5 42. Qd7 Qd4 43. Qxd4 {1/2-1/2 Chernin,
A-Granda Zuniga,J/Pamplona 1991/CBM 28}) 11. Qc2 dxc4 (11... d4 12. Rd1 e5 13.
Be2 Bd7 14. Nd5 Rc8 15. Nxe7+ Qxe7 16. exd4 Nxd4 17. Bxd4 exd4 18. Rxd4 a5 19.
Qd2 axb4 20. axb4 b6 21. O-O Be6 22. Rd1 h6 23. Nf1 Nd7 24. Ne3 Ne5 25. f4 Nc6
26. Rd6 Rfe8 27. Bf3 Nb8 28. Qd4 Bd7 29. Kf2 Bc6 30. Nf5 Qf8 31. b5 Bxf3 32.
gxf3 g6 33. Rg1 Kh7 34. Ne3 Qe7 35. f5 g5 36. Ng4 {1-0 Nenashev,A-Loginov,V/
Tashkent 1992/EXT 92}) 12. Bxc4 Ne5 13. Be2 Qc7 14. Rc1 Qb8 15. Nb5 Nc6 16. Ne4
Nd5 17. Nbc3 Rd8 18. h4 h6 19. g4 Ne5 20. g5 h5 21. Bxh5 Nxc3 22. Qxc3 Nd3+ 23.
Kf1 Nxb2 24. Qxb2 Bd7 25. Bf3 Bc6 26. Kg2 Rd3 27. Rhd1 Qd8 28. Qc2 Rxd1 29.
Rxd1 Qe8 30. Qc3 Rc8 31. Qe5 Rd8 32. Rxd8 Qxd8 33. Nc3 Qd7 34. Qd4 Qxd4 35.
exd4 a5 36. bxa5 Bxf3+ 37. Kxf3 Bxa3 {[#] In brief: 4-vs-3 pawns on one wing,
or rather, in the center, where the mobile knight is the better minor piece. I
believe that the defense is improved in various positions by getting 3-vs-2 or
2-vs-1. I am not in a hurry to believe in a White win! [#] In Kürze 4-3 Bauern
auf einem Flügel bzw. der Mitte, wobei der bewegliche Springer die bessere
Leichtfigur ist. Ich denke, daß sich bei 3-2 bzw. 2-1 Bauern die Verteidigung
an verschiedenen Stellen verbessern läßt. Ich glaube nicht so schnell an einen
weißen Gewinn!} 38. Na4 Bb4 39. Nc5 Bxa5 40. Nxb7 Bd2 41. Nd6 g6 42. Ke2 Bf4
43. Ne4 Kf8 44. Kf3 Bb8 45. Nf6 Ke7 46. Ke4 Bd6 47. h5 gxh5 48. Nxh5 Ba3 49.
Nf6 Bc1 50. f4 Bd2 51. Ke5 Bc1 52. Ne4 Be3 53. Nc5 $1 Bd2 54. g6 $1 fxg6 55.
Nxe6 Ba5 56. d5 Bb4 57. Kd4 Bd6 58. Kc4 Kd7 59. Kb5 Be7 (59... Bb8 $5 60. Nf8+
Ke7 (60... Kd6 61. Kc4) 61. Nxg6+ Kf6 62. Ne5 Kf5 63. Nd3 (63. Kc6 Kxf4 64. Nd7
Ba7 65. d6 Bd4 {looks like a draw. One should ask J. Nunn or the Endgame-CD!
sieht nach Remis aus. Man befrage J.Nunn oder die ENDSPIEL-CD!}) 63... Ke4 64.
Kc6 Kxd3 65. f5 (65. d6 Bxd6 66. Kxd6 Ke4 $11) 65... Be5 66. Kd7 (66. d6 Ke4
67. d7 Bf6 $11) 66... Kd4 67. Ke6 Ke4 $11) 60. Nc5+ Kd6 61. Kc4 Bf8 $6 {
This leaves the bishop in the knight's province! beläßt den Läufer im
Springerbereich!} (61... Bh4 $5 62. Ne4+ Kd7 63. d6 Kc6 $2 (63... Ke6 $1 64.
Kc5 {[%cal Rc5c6]} Kf5) 64. Kd4 {[%cal Rd4e5,Re5e6]}) 62. Ne6 Be7 63. Ng5 Bf8
64. Nf7+ Ke7 65. Ne5 Bh6 (65... Kf6 66. Nd7+ $18) 66. Kc5 g5 (66... Bxf4 67.
Nxg6+ $18) 67. f5 Bg7 68. Ng4 Bb2 69. d6+ 1-0

[Event "Naleczow International"]
[Site "Naleczow"]
[Date "1985.07.16"]
[Round "3"]
[White "Dejkalo, Stefan"]
[Black "Lukacs, Peter"]
[Result "0-1"]
[WhiteElo "2325"]
[BlackElo "2470"]
[Annotator "Kharitonov,A"]
[PlyCount "93"]
[EventDate "1985.07.14"]
[EventType "tourn"]
[EventRounds "15"]
[EventCountry "POL"]
[EventCategory "7"]
[SourceTitle "MCL"]
[Source "ChessBase"]
[SourceDate "1999.07.01"]
[SourceVersion "1"]
[SourceVersionDate "1999.07.01"]
[SourceQuality "1"]

1. c4 Nf6 2. d4 e6 3. Nc3 Bb4 4. e3 O-O 5. Nge2 d5 6. a3 Be7 7. cxd5 exd5 8. b4
Re8 9. Ng3 c6 (9... Bf8 10. Bd3 Nc6 11. O-O Ne7 12. Qc2 a6 13. Bb2 Ng6 $13 {
Reshevsky,S-Bisguier,A/USA-ch/1959/1:0/33/}) 10. Be2 (10. Bd3 Nbd7 11. O-O Nf8
(11... a5 $5 12. b5 (12. Rb1 axb4 13. axb4 b5 $13) 12... c5 13. Qf3 Nb6 14. h3
Be6 15. dxc5 Bxc5 16. Bb2 Bd6 17. Nce2 Nbd7 18. Nf4 Ne5 $10 {Makarov,
M-Kharitonov,A/URS/1986/1/2-1/2/23/}) 12. b5 c5 13. dxc5 Bxc5 14. Bb2 Ng6 15.
Rc1 Bf8 16. Nce2 $14 {Nenashev,A-Kharitonov,A/URS/1986/1:0/31/}) (10. Bd3 b5 $5
11. O-O a5 12. bxa5 Qxa5 13. Nce2 Nbd7 14. Qc2 Bb7 15. Nf4 Nb6 16. f3 Nc4 17.
e4 Qb6 $13 {Uhlmann,W-Ivkov,B/Dresden/1959/0:1/49/}) 10... Nbd7 (10... b5 $13)
11. O-O Nf8 (11... a5 12. b5 c5 13. dxc5 Nxc5 14. a4 Be6 15. Bb2 $14) (11... b5
$5 12. a4 (12. Bd2 Nb6 13. a4 a6 $13) 12... Bxb4 13. Bd2 Bxc3 14. Bxc3 Qb6 15.
Qb3 Rb8 16. Rfb1 $44) 12. Bd2 (12. f3 Bd6 13. Bd3 a5 14. b5 c5 $13) 12... Bd6
13. b5 Qe7 (13... c5 $5 14. dxc5 Bxc5 15. Na4 Bd6 16. Bc3 Be5 $10) 14. a4 g6
15. Re1 (15. Bf3 Ne6) 15... h5 $5 16. a5 Ne6 (16... c5 $6 17. Bf3 Be6 18. dxc5
Bxc5 19. Na4 Bd6 20. Bc3 $16) 17. a6 Nc7 18. axb7 Bxb7 19. bxc6 (19. Qa4 $2
cxb5 20. Nxb5 Bc6 21. Qa5 Nxb5 22. Bxb5 Bxb5 23. Qxb5 h4 24. Nf1 h3 $1 $40)
19... Bxc6 20. Qc2 Bd7 21. Bd3 (21. Reb1 $6 h4 22. Nf1 Bf5 23. Bd3 Ne4 {
/\Qg5->/}) 21... h4 22. Nf1 h3 23. g3 Ne4 24. Nxe4 (24. Ra5 Ng5 25. Qd1 Bc6 $13
) 24... dxe4 25. Bc4 Rec8 26. Ba5 Nd5 27. Qe2 (27. Qa2 $6 Nb4 28. Bxb4 Bxb4 29.
Rec1 a5 $15) 27... Be6 28. Nd2 Bb4 (28... Nf6 29. Reb1 Bg4 30. Qf1 $13) 29.
Bxb4 Nxb4 30. Rec1 a5 31. f4 (31. f3 $142) 31... exf3 $6 (31... a4 $5 $15) 32.
Qxf3 $13 Re8 $6 (32... Rd8 $5) 33. e4 $16 a4 34. e5 $1 (34. d5 Bd7 35. d6 Qf8
$13) (34. Bb5 Red8 35. d5 Bd7 36. Rc7 $6 Qe5 37. Rac1 Qd4+ 38. Kh1 Qxd2 $19)
34... Qa7 35. Qf2 a3 (35... Bxc4 36. Rxc4 Nd3 37. Qe2 Nxe5 38. Rcxa4 $16) (
35... Bf5 36. Bb5 Nd3 37. Bxd3 Bxd3 38. Nc4 $16) 36. Ne4 Bxc4 37. Rxc4 (37.
Nf6+ Kf8 38. Nxe8 $2 Nd3 39. Qe3 Nxc1 40. Rxc1 Kxe8 41. Rxc4 a2 $19) 37... Nd3
$2 (37... Nd5 $2 38. Rc5 Red8 39. Rxd5 $18) (37... Reb8 38. Nf6+ Kg7 39. Qd2
$16) 38. Nf6+ Kf8 $8 39. Qd2 Nxe5 40. Qb4+ $2 (40. Qh6+ $1 Ke7 41. Rc7+ $1 Qxc7
42. Nd5+ $18) 40... Re7 41. Rc3 Rd8 (41... Rb8 42. Rcxa3 Rxb4 43. Rxa7 Rxa7 44.
Rxa7 Rxd4 $17) 42. Rcxa3 Qxd4+ 43. Qxd4 Rxd4 44. Ra8+ Kg7 45. Rf1 Nc4 46. Rg8+
Kh6 47. Rh8+ $10 0-1

[Event "Dresden Eisenbahner Schachturnier"]
[Site "Dresden"]
[Date "1985.11.26"]
[Round "9"]
[White "Boensch, Uwe"]
[Black "Smagin, Sergey"]
[Result "1-0"]
[WhiteElo "2445"]
[BlackElo "2405"]
[Annotator "Kharitonov,A"]
[PlyCount "59"]
[EventDate "1985.11.18"]
[EventType "tourn"]
[EventRounds "13"]
[EventCountry "DDR"]
[EventCategory "9"]
[SourceTitle "MCL"]
[Source "ChessBase"]
[SourceDate "1999.07.01"]
[SourceVersion "1"]
[SourceVersionDate "1999.07.01"]
[SourceQuality "1"]

1. d4 Nf6 2. c4 e6 3. Nc3 Bb4 4. e3 O-O 5. Nge2 d5 6. cxd5 exd5 7. g3 Bg4 $6 (
7... a5 8. Bg2 c6 9. O-O Na6 $6 10. f3 Re8 11. e4 dxe4 12. fxe4 Bg4 13. Bg5 Be7
14. Be3 Nc7 15. h3 Bxe2 16. Qxe2 $14 {Oll,L-Sokolov,A/Volgograd/1985/1:0/45/})
(7... Re8 $5 8. Bg2 Bf8 9. O-O c6 10. f3 c5 $1 $132) 8. Bg2 Qd7 9. O-O c6 (9...
Bxe2 $5 10. Nxe2 Re8 $13) (9... Bh3 10. Bxh3 Qxh3 11. Nf4 Qd7 12. Qb3 Bxc3 13.
bxc3 Qc6 (13... c6 14. c4 $16) 14. Rb1 b6 15. Ba3 Re8 16. Rfc1 $16) 10. f3 $5 (
10. Qb3 $6 Bxc3 $1 11. Nxc3 Bh3 12. f3 Bxg2 13. Kxg2 Re8 $15) 10... Bh3 (10...
Bh5 11. Nf4 $16) 11. Bxh3 Qxh3 12. Qb3 Bxc3 13. bxc3 $1 (13. Qxb7 $2 Ba5 14.
Qxa8 Qd7 $19) 13... Qd7 (13... b5 14. a4 a6 15. Nf4 Qd7 16. Ba3 Re8 $16) 14. c4
b6 15. Nf4 Re8 16. Re1 Qb7 (16... Na6 17. Bb2 Nc7 18. e4 $16) 17. Bb2 Nbd7 18.
Rac1 Rac8 19. Re2 $6 (19. cxd5 cxd5 20. a4 $5 $14) 19... b5 $6 (19... dxc4 $1
20. Rxc4 (20. Qxc4 c5 21. d5 b5 $13) 20... c5 21. e4 cxd4 (21... b5 22. d5 $13)
22. Bxd4 Rxc4 23. Qxc4 Rc8 24. Qd3 $10) 20. c5 $1 g5 (20... Re7 21. Rce1 Rce8
22. Qc2 $16) 21. Ng2 g4 (21... g4 22. Rf1 $140 gxf3 23. Rxf3 Ne4 24. Nf4 Nf8)
22. e4 gxf3 (22... dxe4 23. fxg4 $1 Nxg4 24. Rf1 Ngf6 (24... Re7 25. Nh4 $40) (
24... Ndf6 $2 25. h3 $18)) 23. Qxf3 Nxe4 (23... dxe4 24. Qf5 $16) (23... Rxe4
24. Rf2 Rce8 25. Rcf1 $40) 24. Nh4 Nf8 (24... Ndf6 25. Rf1 Qd7 26. Nf5 Re6 27.
Bc1 {P f4-e5~/=/}) 25. Nf5 $16 f6 (25... Re6 26. Qg4+ Ng6 (26... Rg6 27. Ne7+
Qxe7 28. Qxc8) 27. Rf1 Kh8 (27... Nf6 28. Qg5 $1 Ne4 29. Nh6+ Kf8 30. Rxe4 $1
Rxe4 (30... dxe4 31. Qf5 $40) 31. Rxf7+ Qxf7 32. Nxf7 Kxf7 33. Qf5+ $18) 28.
Nh6 Re7 (28... Nf6 29. Nxf7+ Qxf7 30. Qxe6 $18) 29. Rxe4 $1 (29. Nxf7+ Rxf7 30.
Rxf7 Qxf7 31. Qxc8+ $18) 29... Rxe4 30. Qxe4 dxe4 31. d5+ f6 32. Bxf6+ Qg7 33.
Nf7+ Kg8 34. Bxg7 Kxg7 35. Nd6 $18) 26. Rf1 Rcd8 $2 (26... Kh8 27. Rxe4 $1 dxe4
28. Qh5 $18) (26... Ng6 27. Rxe4 dxe4 (27... dxe4 28. Nd6 $18) 28. Nh6+ Kh8 (
28... Kg7 29. Qxf6+ Kxh6 30. Rf4 Kh5 31. g4+ Kh6 32. Rf5 $18) 29. Qxf6+ Qg7 30.
d5 Ne5 31. Bxe5 Rxe5 32. Nf7+ $18) (26... Qd7 $5 27. Rxe4 Rxe4 28. Nh6+ Kh8 29.
Qxf6+ Qg7 30. Nf7+ Kg8 31. Nd6 Qxf6 32. Rxf6 Re2 33. Nxc8 Rxb2 34. Nxa7 Rxa2
35. Nxc6 $16) 27. Rxe4 $1 $18 dxe4 (27... Rxe4 28. Nh6+ Kh8 29. Qxf6+ Qg7 30.
Nf7+ $18) 28. Nh6+ Kh8 29. Qxf6+ Qg7 30. d5 $1 (30. d5 Rd7 (30... Qxf6 31.
Bxf6#) 31. Qxf8+ Rxf8 32. Rxf8#) 1-0